| 000 | 01373nam0a22003251 4500 | ||
|---|---|---|---|
| 001 | RU\INFOCOMM_327\NLR\5000021386 | ||
| 005 | 20250613110152.0 | ||
| 035 | _a(NLR Aleph) 009551407 | ||
| 090 |
_a9010211 _c9010211 |
||
| 100 | _a20130207d1992 |||y0rusy50 ca | ||
| 101 | 0 | _aeng | |
| 102 | _aRU | ||
| 105 | _ay z ||||| | ||
| 200 | 1 |
_aLight induced drift of ²², ²³, ²⁴Na in wide cold tube _fYu. P. Gangrsky, C. Hradecny, J. Slovak et al. |
|
| 210 |
_aДубна _cОбъед. ин-т ядер. исслед. _d1992 |
||
| 215 |
_a6 с. _cграф. _d21 см |
||
| 225 | 1 |
_aОбъединенный институт ядерных исследований, Дубна _vЕ13-92-197 |
|
| 300 | _aНа 3-й с. обл.: Светоиндуцированный дрейф ², ²³, ²⁴Na в широкой холодной трубке / Гангрский Ю. П. и др. | ||
| 300 | _aРез. на рус. яз. | ||
| 300 | _a"Submitted to "Physics letters" | ||
| 320 | _aБиблиогр.: с. 5-6 | ||
| 606 | 0 |
_aНатрий _xИзотопы _xЭнергетические уровни _2nlr_sh1 |
|
| 686 |
_aВ383.4 _2rubbk |
||
| 701 | 1 |
_9z01790 _aGangrskij _bJ. P. _gJurij Petrovič |
|
| 790 | 1 |
_9z01701 _aGangrsky _bYu. P. _4070 |
|
| 801 | 1 |
_aRU _bInfocomm _c20130207 |
|
| 801 | 0 |
_aRU _bINFOCOMM _gPSBO |
|
| 852 |
_aNLR _jФз01 Д-4/6753 |
||
| 942 | _cBOOK | ||
| 980 | _aNB | ||